NBA : Les Arrières de chaque franchise - Statistiques

Statistiques générales
  • Ce quiz a été pris 51 fois
    39 depuis la dernière actualisation
  • Le résultat moyen est 14 sur 30
Statistiques - réponses
Franchises Joueurs % Correct
Miami Heat Davion Mitchell
94%
Cleveland Cavaliers Donovan Mitchell
94%
Boston Celtic Jaylen Brown
94%
New Orleans Pelicans Antonio Reeves
81%
Minnesota Timberwolves Anthony Edwards
78%
New-York Knicks Mikal Bridges
78%
Los Angeles Lakers Austin Reaves
75%
Houston Rockets Jalen Green
69%
Chicago Bulls Coby White
63%
San Antonio Spurs Stephon Castle
63%
Memphis Grizzlies Desmond Bane
59%
Dallas Mavericks Klay Thompson
59%
Phoenix Suns Bradley Beal
50%
Sacramento Kings Zack Lavine
50%
Indiana Pacers Andrew Nembhard
47%
Atlanta Hawks Dyson Daniels
44%
Oklahoma Thunder Luguentz Dort
44%
Denver Nuggets Christian Braun
38%
Charlotte Hornets Seth Curry
34%
Golden State Warriors Brandin Podziemski
31%
Utah Jazz Collin Sexton
28%
Portland Trail Blazers Shaedon Sharpe
28%
Detroit Pistons Cade Cunningham
25%
Los Angeles Clippers Kris Dunn
25%
Brooklyn Nets Keon Johnson
22%
Toronto Raptors Immanuel Quickley
19%
Orlando Magic Kentavious Caldwell-Pope
19%
Milwaukee Bucks Taurean Prince
9%
Philadelphie 76ers Quentin Grimes
6%
Washington Wizard Carlton Carrington
3%
Aucun quiz correspondant
Distribution des résultats
% des personnes avec chaque résultat
Percentile par nombre de réponses
Votre historique - résultats
Vous n’avez pas pris ce quiz depuis la dernière actualisation